La papauté (Record no. 57426)

MARC details
000 -LEADER
campo de control de longitud fija 00692nam a2200193 i 4500
001 - NÚMERO DE CONTROL
campo de control 57426
003 - IDENTIFICADOR DE NÚMERO DE CONTROL
campo de control ES-MaACL
005 - FECHA Y HORA DE LA ÚLTIMA TRANSACCIÓN
campo de control 20250930063054.0
007 - CAMPO FIJO DE DESCRIPCIÓN FÍSICA--INFORMACIÓN GENERAL
campo de control de longitud fija t|
008 - DATOS DE LONGITUD FIJA--INFORMACIÓN GENERAL
campo de control de longitud fija 031016s1904 fr ||||1| fre d
100 1# - ENTRADA PRINCIPAL--NOMBRE DE PERSONA
Nombre de persona Döllinger, Ignaz von,
Fechas asociadas al nombre 1799-1890
9 (RLIN) 166933
245 13 - MENCIÓN DEL TÍTULO
Título La papauté
Resto del título : son origine au Mogen age et son développement jusgn'en 1870 /
Mención de responsabilidad, etc. par Ignace de Doellinger ; avec notes et documents de J. Friefrich ; traduir de l'allemand par A. Giraud-Teulon.
260 ## - PUBLICACIÓN, DISTRIBUCIÓN, ETC.
Lugar de publicación, distribución, etc. Paris :
Nombre del editor, distribuidor, etc. Alcan,
Fecha de publicación, distribución, etc. 1907.
300 ## - DESCRIPCIÓN FÍSICA
Extensión XXIII, 474 p. ;
Dimensiones 23 cm.
700 1# - ENTRADA AGREGADA--NOMBRE PERSONAL
Nombre de persona Friedrich, J.
9 (RLIN) 52653
700 1# - ENTRADA AGREGADA--NOMBRE PERSONAL
Nombre de persona Giraud-Teulon, A.
9 (RLIN) 57246
852 ## - LOCALIZACIÓN
Ubicación ES-MaACL
Número de control de estantería G-7162
Holdings
Estatus retirado Estado de pérdida Estado de daño No para préstamo Biblioteca de origen Biblioteca actual Ubicación en estantería Fecha de adquisición Fuente de adquisición Total de préstamos Signatura topográfica completa Código de barras Visto por última vez Precio de reemplazo Tipo de ítem Koha
        Biblioteca del Ateneo de Madrid Biblioteca del Ateneo de Madrid Depósito 2 17/01/2008     G-7162 1060288 23/02/2023 23/02/2023 Libro impreso